Statistics for Where do famous movies take place?

Click here to take the quiz!

General Stats

  • This quiz has been taken 19 times
  • The average score is 7 of 15

Answer Stats

HintAnswer% Correct
SpidermanNew York
100%
Home Alone 2New York
100%
Home Alone 1Chicago
69%
The Dark KnightGotham City
69%
RatatouilleParis
69%
Pirates of the CaribbeanThe Caribbean
54%
Cars 1Radiator Springs
46%
RockyPhiladelphia
38%
MegamindMetrocity
31%
The Lego movieA basement
23%
AladdinAgrabah
23%
EncantoEncanto
23%
Lego Ninjago movieNinjago City
23%
HulkRio de Janeiro
23%
LucaPortorosso
15%

Score Distribution

Percentile by Number Answered

Percent of People with Each Score

Your Score History

You have not taken this quiz